| 000 | 01410cam a2200289Ia 4500 | ||
|---|---|---|---|
| 082 |
_a686.2315 _bRIC |
||
| 100 | 1 |
_aRichmond, W. D. _949915 |
|
| 245 | 1 | 0 |
_aColour and colour printing as applied to lithography _bcontaining an introduction to the study of colour : an account of the general and special qualities of pigments employed, their manufacture into printing inks, and the principles involved in their application / _cby W.D. Richmond. |
| 250 | _a3rd ed. | ||
| 260 |
_aLondon : _bE. Menken, _c[189-?] |
||
| 300 |
_a1 online resource (x, 169 p.) : _bill. |
||
| 490 | 1 | _aNineteenth Century Collections Online (NCCO): Photography: The World through the Lens | |
| 490 | 1 | _aWyman's technical series | |
| 500 | _a"A companion volume to the 'Grammar of lithography' of which handbook it must be considered to form a supplementary volume."--Pref., p. vi. | ||
| 500 | _aIncludes index. | ||
| 500 | _aPublisher's advertisement: 2 p. preceding t.p. | ||
| 500 | _aReproduction of the original from the Columbia University Libraries. | ||
| 500 | _aSeries from cover. | ||
| 526 |
_a0 _b0 _c0 _d686_231500000000000_RIC |
||
| 590 | _aScanned copy imperfect: weak or faded print. | ||
| 650 | 0 |
_aChromolithography. _949916 |
|
| 650 | 0 |
_aColor printing. _949917 |
|
| 650 | 0 |
_aMCE _9379 |
|
| 650 | 0 |
_aPigments. _945133 |
|
| 856 | 4 | 0 | _uhttp://www.columbia.edu/cgi-bin/cul/resolve?clio10754621 |
| 942 |
_2ddc _cBK |
||
| 999 |
_c552656 _d552656 |
||